Central Library OPAC University of Rajshahi

Family budgets of the low-paid employees of educational institutions in six selected towns of former N-W.F.P. / (Record no. 61861)

MARC details
000 -LEADER
fixed length control field 01088nam a2200313 a 4500
001 - CONTROL NUMBER
control field 61861
003 - CONTROL NUMBER IDENTIFIER
rucl marc code BD-RjUL
005 - DATE AND TIME OF LATEST TRANSACTION
control field 20211209081017.0
008 - FIXED-LENGTH DATA ELEMENTS--GENERAL INFORMATION
fixed length control field 170122s1957 pk 000 0 eng d
035 ## - SYSTEM CONTROL NUMBER
System control number (BD-RjUL)61985
System control number (UkLSE)x212333940
System control number (UkLSE)398543
System control number (UkLCURL)11398543
038 ## - RECORD CONTENT LICENSOR
Record content licensor UkLCURL
040 ## - CATALOGING SOURCE
Original cataloging agency BD-RjUL
Language of cataloging eng
Transcribing agency BD-RjUL
041 ## - LANGUAGE CODE
Language code of text/sound track or separate title eng
082 ## - DEWEY DECIMAL CLASSIFICATION NUMBER
Edition number 23
Classification number 339.42095491
Author mark and year SEF 1957
090 ## - LOCALLY ASSIGNED LC-TYPE CALL NUMBER (OCLC); LOCAL CALL NUMBER (OCLC)
Classification number (OCLC) (R) ; Classification number, CALL (RLIN) (NR) LSE
Local cutter number (OCLC) ; Book number/undivided call number, CALL (RLIN) HD6/E163
100 1# - MAIN ENTRY--PERSONAL NAME
Personal name Sethi, Mushtaq Ahmed.
9 (RLIN) 184169
245 10 - TITLE STATEMENT
Title Family budgets of the low-paid employees of educational institutions in six selected towns of former N-W.F.P. /
Statement of responsibility, etc. by Mushtaq Ahmed Sethi.
260 ## - PUBLICATION, DISTRIBUTION, ETC. (IMPRINT)
Place of publication, distribution, etc. Peshawar :
Name of publisher, distributor, etc. University of Peshawar, Board of Economic Enquiry,
Date of publication, distribution, etc. 1957
300 ## - PHYSICAL DESCRIPTION
Pagination 26 p. ;
Size 25 cm.
490 1# - SERIES STATEMENT
Series statement Publications ;
Volume/sequential designation No.1
650 #0 - SUBJECT ADDED ENTRY--TOPICAL TERM
Topical term or geographic name as entry element Cost and standard of living
Geographic subdivision Pakistan.
9 (RLIN) 184170
700 ## - ADDED ENTRY--PERSONAL NAME
Personal name Idris, S. M., editor
Personal name Ashraf, Khalid, editor
830 #0 - SERIES ADDED ENTRY--UNIFORM TITLE
Uniform title Publication (University of Peshawar. Board of Economic Enquiry) ;
Volume number/sequential designation no. 1
942 ## - ADDED ENTRY ELEMENTS (KOHA)
Source of classification or shelving scheme Dewey Decimal Classification
Koha item type Books
Holdings
Lost status Source of classification or shelving scheme Damaged status Not for loan Collection code Permanent Location Current Location Shelving location Date acquired Source of acquisition Total Checkouts Full call number Date last seen Copy number Koha item type
  Dewey Decimal Classification   Not For Loan Non-fiction Central Library, University of Rajshahi Central Library, University of Rajshahi Reading Room 30/06/1961 Paswar United Board of Eco.   339.42095491 SEF 1957 22/01/2017 C-1 Books